All Characters in Despicable Me 1 - Statistics

General Stats
  • This quiz has been taken 214 times
  • The average score is 8 of 15
Answer Stats
Answer % Correct
Felonious Gru
96%
Vector
87%
Bob
86%
Agnes
80%
Margo
78%
Edith
73%
Stuart
66%
Dr. Nefario
63%
Dave
41%
Mr. Perkins
30%
Miss Hattie
28%
Fred McDade
19%
Kyle
19%
Tim
17%
Marlena Gru
13%
No matching quizzes found
Score Distribution
Percent of People with Each Score
Percentile by Number Answered
Your Score History
You have not taken this quiz